00670ntaaa2200205 45000030003000000050017000030080021000200400037000410820012000781000028000902450049001182500010001672600030001773000010002076500025002179420007002429990015002499520100002649520100003640120251027200930.00714s1973 ag 01  aAR-BaBNbspacAR-BaBNeaacrdRIC a111 D37 aDelarue, Jacques 96053 aABC del existencialismo / cJacques Delarue  a1 ed. aEditorial Sapiens, c1953 a59 p. aexistencialismo9645 cBK c3305d3305 00104070aBPbBPd2025-10-27i013205l0o111 D37p013205r2025-10-27 20:09:30w2025-10-27yBK 00104070aBPbBPd2025-10-27i003764l0o111 D37p003764r2025-10-27 20:09:30w2025-10-27yBK